E-commerce technologies and business models /
Saved in:
| Main Author: | |
|---|---|
| Format: | Thesis Book |
| Language: | English |
| Published: |
2000.
|
| Subjects: | |
| Tags: |
Add Tag
No Tags, Be the first to tag this record!
|
| LEADER | 01169cam a2200301 i 4500 | ||
|---|---|---|---|
| 001 | u1128232 | ||
| 003 | SIRSI | ||
| 005 | 201912091459 | ||
| 008 | 191209s2000 my a m 000 0 eng | ||
| 040 | |a UMM |e rda | ||
| 090 | |a HF1008 |b UM 2000 Jon | ||
| 100 | 1 | |a Jones, Samuel, |e author. | |
| 245 | 1 | 0 | |a E-commerce technologies and business models / |c Samuel Jones. |
| 246 | 3 | 0 | |a Electronic commerce technologies and business models |
| 264 | 1 | |c 2000. | |
| 300 | |a ii, 86 leaves, 6 unnumbered leaves : |b illustrations ; |c 30 cm | ||
| 336 | |a text |2 rdacontent | ||
| 337 | |a unmediated |2 rdamedia | ||
| 338 | |a volume |2 rdacarrier | ||
| 502 | |b M.B.A. |c Fakulti Perniagaan dan Perakaunan, Universiti Malaya |d 2000. | ||
| 504 | |a Bibliography: leaves [unnumbered leaves 91-92]. | ||
| 650 | 0 | |a Electronic commerce. | |
| 650 | 0 | |a Internet marketing. | |
| 650 | 0 | |a Business |x Technological innovations. | |
| 710 | 2 | |a Universiti Malaya. |b Fakulti Perniagaan dan Perakaunan, |e degree granting institution. | |
| 596 | |a 1 | ||
| 900 | |a HH NSM | ||
| 999 | |a HF1008 UM 2000 JON |w LC |c 1 |i A517495905 |f 20/12/2019 |g 1 |l STACKS |m P01UTAMA |r Y |s Y |t TESIS |u 9/12/2019 |1 AHSS |o .STAFF. TIADA SURAT & CD DISERTAKAN. | ||
